<?xml version="1.0" encoding="UTF-8"?>
<record
    xmlns:xsi="http://www.w3.org/2001/XMLSchema-instance"
    xsi:schemaLocation="http://www.loc.gov/MARC21/slim http://www.loc.gov/standards/marcxml/schema/MARC21slim.xsd"
    xmlns="http://www.loc.gov/MARC21/slim">

  <leader>01364njm a22002777a 4500</leader>
  <controlfield tag="005">20100906124120.0</controlfield>
  <controlfield tag="007">sd ammalaaahaa</controlfield>
  <controlfield tag="008">100904t        xxu||||| |||| 00| 0 hin d</controlfield>
  <datafield tag="028" ind1=" " ind2=" ">
    <subfield code="a">N. 53476</subfield>
    <subfield code="b">His Master's Voice</subfield>
  </datafield>
  <datafield tag="028" ind1=" " ind2=" ">
    <subfield code="a">OJE. 16091</subfield>
    <subfield code="b">His Master's Voice</subfield>
  </datafield>
  <datafield tag="028" ind1=" " ind2=" ">
    <subfield code="a">OJE. 16092</subfield>
    <subfield code="b">His Master's Voice</subfield>
  </datafield>
  <datafield tag="035" ind1=" " ind2=" ">
    <subfield code="a">GR-647</subfield>
  </datafield>
  <datafield tag="040" ind1=" " ind2=" ">
    <subfield code="a">SED/VEN</subfield>
  </datafield>
  <datafield tag="100" ind1=" " ind2=" ">
    <subfield code="a">Dey, Manna</subfield>
    <subfield code="9">1184</subfield>
  </datafield>
  <datafield tag="245" ind1=" " ind2=" ">
    <subfield code="a">Chandramukhi Part 1: </subfield>
    <subfield code="b">Hindustani /</subfield>
    <subfield code="c">by Manna Dey and Suman Kalyanpur; Music Dtn by S. M. Tripathi; Lyric by Bharat Vyas</subfield>
    <subfield code="h">[Sound Recording] : </subfield>
  </datafield>
  <datafield tag="246" ind1=" " ind2=" ">
    <subfield code="a">&#x91A;&#x902;&#x926;&#x94D;&#x930;&#x92E;&#x941;&#x916;&#x940; (&#x92E;&#x928;&#x94D;&#x928;&#x93E; &#x921;&#x947; &#x914;&#x930; &#x938;&#x941;&#x92E;&#x928; &#x915;&#x932;&#x94D;&#x92F;&#x93E;&#x928;&#x92A;&#x941;&#x930;)          </subfield>
  </datafield>
  <datafield tag="260" ind1=" " ind2=" ">
    <subfield code="a">Dum Dum, India :</subfield>
    <subfield code="b">His Master's Voice</subfield>
  </datafield>
  <datafield tag="300" ind1=" " ind2=" ">
    <subfield code="a">1 sound disc [Gramophone Recording] :</subfield>
    <subfield code="b">analog, 33 1/3 rpm ;</subfield>
    <subfield code="c">10 in.</subfield>
    <subfield code="f">Gramophone Records</subfield>
  </datafield>
  <datafield tag="500" ind1=" " ind2=" ">
    <subfield code="a">Brief Records</subfield>
  </datafield>
  <datafield tag="505" ind1=" " ind2=" ">
    <subfield code="a">Song Side-1: &#x924;&#x947;&#x930;&#x940; &#x91C;&#x94B;&#x921;&#x93C; &#x928;&#x939;&#x940;&#x902; (&#x91A;&#x902;&#x926;&#x94D;&#x930;&#x92E;&#x941;&#x916;&#x940;) (&#x92E;&#x928;&#x94D;&#x928;&#x93E; &#x921;&#x947; &#x914;&#x930; &#x938;&#x941;&#x92E;&#x928; &#x915;&#x932;&#x94D;&#x92F;&#x93E;&#x928;&#x92A;&#x941;&#x930;),Song Side-2: &#x92E;&#x928; &#x92D;&#x93E;&#x935;&#x928; &#x938;&#x902;&#x917;&#x940;&#x924; &#x938;&#x941;&#x939;&#x93E;&#x935;&#x928; (&#x92E;&#x928;&#x94D;&#x928;&#x93E; &#x921;&#x947;) ; Part 2     </subfield>
  </datafield>
  <datafield tag="650" ind1=" " ind2=" ">
    <subfield code="a">Classical Music</subfield>
    <subfield code="x">Excerpts</subfield>
    <subfield code="z">India</subfield>
    <subfield code="9">18309</subfield>
  </datafield>
  <datafield tag="700" ind1=" " ind2=" ">
    <subfield code="9">18319</subfield>
    <subfield code="a">Kalyanpur, Suman</subfield>
  </datafield>
  <datafield tag="700" ind1=" " ind2=" ">
    <subfield code="9">18320</subfield>
  </datafield>
  <datafield tag="942" ind1=" " ind2=" ">
    <subfield code="2">ddc</subfield>
    <subfield code="c">GR</subfield>
  </datafield>
  <datafield tag="999" ind1=" " ind2=" ">
    <subfield code="c">43967</subfield>
    <subfield code="d">43967</subfield>
  </datafield>
  <datafield tag="952" ind1=" " ind2=" ">
    <subfield code="0">0</subfield>
    <subfield code="1">0</subfield>
    <subfield code="2">ddc</subfield>
    <subfield code="4">0</subfield>
    <subfield code="7">1</subfield>
    <subfield code="8">NFIC</subfield>
    <subfield code="a">L</subfield>
    <subfield code="b">L</subfield>
    <subfield code="d">2010-09-06</subfield>
    <subfield code="e">SED/VEN</subfield>
    <subfield code="l">0</subfield>
    <subfield code="p">GR-871</subfield>
    <subfield code="r">2010-09-06 00:00:00</subfield>
    <subfield code="t">1</subfield>
    <subfield code="w">2010-09-06</subfield>
    <subfield code="y">GR</subfield>
  </datafield>
</record>
